000 01113nam a2200241 a 4500
001 000042937
005 20201002040519.0
008 140213s2010 sp ab 000 0 spa d
020 _a9788497815963
040 _aDO-SdBNP
_bspa
_cBNPHU
082 _axxxx
_bxxxx
100 1 _aSarramon, Jean
_970421
245 1 0 _aContribución a la historia de La Guerra de la Independencia de la Península Ibérica contra Napoleón I /
_cJean Sarramon ; traducción e ilustraciones, José Pardo de Santayana y Gómez de Olea.
260 _aMadrid :
_bMinisterio de defensa,
_bDirección General de Relaciones Institucionales,
_c2010.
300 _av. 1 :
_bil., mapas ;
_c21 cm.
504 _aBibliografía : p. 35
505 0 _gv. 1.
_tQuinta fase: "El declive" (junio de 1811-diciembre de 1812), primera parte: "Valencia" (junio de 1811-15 de enero de 1812)
500 _aIncluye referencia bibliográfica y notas al pie de las páginas
500 _aLa biblioteca posee el v. 1
700 1 2 _aSañudo, Juan José
_epról.
_970422
700 1 2 _aPardo de Santayana, José
_etr.
_970423
700 1 2 _aGómez de Olea
_etr.
_970424
999 _c42426
_d42426